| 000 | 00402nam a22001571a 4500 | ||
|---|---|---|---|
| 082 |
_aT 781.3 _bVIS/C |
||
| 245 |
_aCompositions of Anai Ayya brothers/ _cby Vishwanathan T (comp.) |
||
| 260 |
_aMadras: _bBrahadhavani, _c1990. |
||
| 300 | _a78p. | ||
| 650 | _aCompositions Music | ||
| 650 | _aMusic | ||
| 650 | _aArts | ||
| 700 | _aShankaran T (comp.) | ||
| 700 | _aVishwanathan T (comp.) | ||
| 942 | _cBK | ||
| 999 |
_c8625 _d8625 |
||